000 00636nam a2200241 i 4500
001 C2-0292630
003 PPAK
005 20180728024627.0
008 090107s1999 nyu |||| ||||| | eng d
020 _a1883011663
040 _aPPAK
_beng
_cPPAK
_erda
082 0 4 _a808.88
_223
090 0 0 _a808.88
_bMAD
_dLCK
100 1 _aMadison, James,
_eauthor
245 1 0 _aWritings
264 1 _aNew York :
_bThe Library of America ,
_c1999
300 _axi, 966 pages ;
_c21 cm
336 _2rdacontent
_atext
337 _2rdamedia
_aunmediated
338 _2rdacarrier
_avolume
650 1 0 _aLiterature - Collections
942 _ddc
_cB
999 _c97479
_d97479